| 000 | 00605nam a2200205 a 4500 | ||
|---|---|---|---|
| 001 | BRCA_4966 | ||
| 005 | 20190320204900.0 | ||
| 008 | 221010s1905----u--a######---#000-0#eng-# | ||
| 041 | _aeng | ||
| 044 | _au | ||
| 050 | 4 |
_aTD491 _b.L54 1905 |
|
| 245 | 1 | 0 |
_aLifelines of civilization _bLock Joint Pipe Company. |
| 260 |
_aNueva Jersey _bWilliam E. Rudge´s Sons _c1905 |
||
| 300 |
_a43 p. _bil. _c29 cm. |
||
| 500 | _aCatálogo publicitario inventariado por Banco de México como libro | ||
| 500 | _aDD16 | ||
| 650 | 1 | 4 |
_aTuberías para agua _vCatálogos _xEmpresas _912634 |
| 902 | _aGFM | ||
| 942 |
_2lcc _cB |
||
| 999 |
_c4660 _d4660 |
||